Statistics for A Quite Interesting Quiz About QI (TV Series)

Click here to take the quiz!

General Stats

  • This quiz has been taken 16 times
  • The average score is 13 of 20

Answer Stats

QuestionAnswer% Correct
Who is resident panelist who often seems to come last?Alan Davies
100%
Who was the host for the first 13 seasons?Stephen Fry
100%
What is each series named after?A Letter of the Alphabet
93%
Which TV channel originally broadcasts QI?BBC
93%
What is the name given to the question writers behind the scenes?QI Elves
93%
What animal is the mascot and recurring wrong answer of the show?Blue Whale
79%
What happens when someone gives an obvious but wrong answer?Forfeit / Klaxon
79%
What is the name of the final round in each episode?General Ignorance
79%
What is the name of the extended episodes released after the originals?QI {XL}
79%
Who is the current host?Sandi Toksvig
79%
43Bill Bailey
71%
32David Mitchell
50%
Who composed the theme music?Howard Goodall
43%
39Jimmy Carr
36%
39Jo Brand
36%
Who created and has produced the series?John Lloyd
36%
What is the name of the podcast run by the above?No Such Thing as a {Fish}
36%
What is the most common word used in scrabble?Qi
36%
What was the name of the first episode?Adam
29%
Apart from the above, who are the five most frequent appearing panelists?
(Number of episodes shown)
46Phil Jupitus
29%

Score Distribution

Percentile by Number Answered

Percent of People with Each Score

Your Score History

You have not taken this quiz